Pays ayant légalisé le mariage homosexuel - Mort Subite - Statistiques

Statistiques générales
  • Ce quiz a été pris 49 138 fois
    49 044 depuis la dernière actualisation
  • Le résultat moyen est 8 sur 39
Answers on the Grid
Answers color-coded by a green-red scale on the quiz's grid according to % correct below.
Afrique du Sud
Allemagne
Andorre
Argentine
Australie
Autriche
Belgique
Brésil
Canada
Chili
Colombie
Costa Rica
Cuba
Danemark
Équateur
Espagne
Estonie
États-Unis
Finlande
France
Grèce
Irlande
Islande
Liechtenstein
Luxembourg
Malte
Mexique
Népal
Norvège
Nouvelle-Zélande
Pays-Bas
Portugal
Royaume-Uni
Slovénie
Suède
Suisse
Taïwan
Thaïlande
Uruguay
Bolivie
Bosnie-Herzégovine
Chine
Corée du Sud
Égypte
Inde
Indonésie
Italie
Japon
Kazakhstan
Maroc
Monaco
Mongolie
Paraguay
Pologne
Roumanie
Russie
Somalie
Turquie
Ukraine
Vatican
 
Statistiques - réponses
Réponse % Correct
France
51%
Espagne
39%
Allemagne
38%
Pays-Bas
37%
Royaume-Uni
37%
Belgique
36%
Canada
34%
États-Unis
33%
Suède
33%
Suisse
32%
Danemark
30%
Norvège
30%
Portugal
30%
Luxembourg
29%
Finlande
28%
Australie
27%
Irlande
27%
Islande
25%
Autriche
23%
Nouvelle-Zélande
22%
Grèce
21%
Brésil
16%
Thaïlande
13%
Andorre
12%
Malte
12%
Estonie
11%
Liechtenstein
11%
Argentine
10%
Slovénie
10%
Afrique du Sud
9%
Mexique
9%
Taïwan
7%
Uruguay
7%
Chili
6%
Colombie
5%
Costa Rica
5%
Cuba
5%
Équateur
3%
Népal
3%
Aucun quiz correspondant
Distribution des résultats
% des personnes avec chaque résultat
Percentile par nombre de réponses
Votre historique - résultats
Vous n’avez pas pris ce quiz depuis la dernière actualisation